مكتبة جامعة عجلون الوطنية

فهرس بحث المكتبة

Intro to Python for the computer and data sciences : learning to program with AI, big data and the cloud / (Record no. 33800)

MARC details
000 -LEADER
fixed length control field 01164cam a22003618i 4500
001 - CONTROL NUMBER
control field 20820927
003 - CONTROL NUMBER IDENTIFIER
control field JO-AjAnu
005 - DATE AND TIME OF LATEST TRANSACTION
control field 20241020104605.0
008 - FIXED-LENGTH DATA ELEMENTS--GENERAL INFORMATION
fixed length control field 190124s2020 nyu b 000 0 eng
010 ## - LIBRARY OF CONGRESS CONTROL NUMBER
LC control number 2019003447
020 ## - INTERNATIONAL STANDARD BOOK NUMBER
International Standard Book Number 9780135404676
020 ## - INTERNATIONAL STANDARD BOOK NUMBER
International Standard Book Number 0135404673
040 ## - CATALOGING SOURCE
Original cataloging agency DLC
Language of cataloging eng
Description conventions rda
-- JO-AjAnu
Transcribing agency DLC
041 ## - LANGUAGE CODE
Language code of text/sound track or separate title eng
042 ## - AUTHENTICATION CODE
Authentication code pcc
050 00 - LIBRARY OF CONGRESS CALL NUMBER
Classification number QA76.73.P98
Item number D45 2020
082 00 - DEWEY DECIMAL CLASSIFICATION NUMBER
Classification number 005.13/3
Edition number 23
100 1# - MAIN ENTRY--PERSONAL NAME
Personal name Deitel, Paul J.
Relator term author.
245 10 - TITLE STATEMENT
Title Intro to Python for the computer and data sciences : learning to program with AI, big data and the cloud /
Statement of responsibility, etc. by Paul Deitel and Harvey Deitel.
250 ## - EDITION STATEMENT
Edition statement 1st edition.
263 ## - PROJECTED PUBLICATION DATE
Projected publication date 1906
264 #1 - PRODUCTION, PUBLICATION, DISTRIBUTION, MANUFACTURE, AND COPYRIGHT NOTICE
Place of production, publication, distribution, manufacture New York :
Name of producer, publisher, distributor, manufacturer Pearson Education, Inc.,
Date of production, publication, distribution, manufacture, or copyright notice [2022]
300 ## - PHYSICAL DESCRIPTION
Extent pages cm
336 ## - CONTENT TYPE
Content type term text
Content type code txt
Source rdacontent
337 ## - MEDIA TYPE
Media type term unmediated
Media type code n
Source rdamedia
338 ## - CARRIER TYPE
Carrier type term volume
Carrier type code nc
Source rdacarrier
504 ## - BIBLIOGRAPHY, ETC. NOTE
Bibliography, etc. note Includes bibliographical references.
650 #0 - SUBJECT ADDED ENTRY--TOPICAL TERM
Topical term or geographic name entry element Python (Computer program language)
700 1# - ADDED ENTRY--PERSONAL NAME
Personal name Dietal, Harvey,
Relator term author.
906 ## - LOCAL DATA ELEMENT F, LDF (RLIN)
a 7
b cbc
c orignew
d 1
e ecip
f 20
g y-gencatlg
942 ## - ADDED ENTRY ELEMENTS (KOHA)
Source of classification or shelving scheme Library of Congress Classification
Koha item type Books
Suppress in OPAC No
Holdings
Withdrawn status Lost status Source of classification or shelving scheme Damaged status Not for loan Home library Current library Date acquired Total Checkouts Full call number Barcode Date last seen Price effective from Koha item type
    Library of Congress Classification     مكتبة جامعة عجلون الوطنية مكتبة جامعة عجلون الوطنية 20/10/2024   QA76.73.P98.D45 2022 E3967 20/10/2024 20/10/2024 Books
    Library of Congress Classification     مكتبة جامعة عجلون الوطنية مكتبة جامعة عجلون الوطنية 20/10/2024   QA76.73.P98.D45 2022 E3968 20/10/2024 20/10/2024 Books